Travel goals : (Record no. 1845)

MARC details
000 -LEADER
fixed length control field 01889cam a2200421 i 4500
001 - CONTROL NUMBER
control field data
005 - DATE AND TIME OF LATEST TRANSACTION
control field 20260322212121.0
008 - FIXED-LENGTH DATA ELEMENTS--GENERAL INFORMATION
fixed length control field data
035 ## - SYSTEM CONTROL NUMBER
System control number 22452735
010 ## - LIBRARY OF CONGRESS CONTROL NUMBER
LC control number 2021278235
020 ## - INTERNATIONAL STANDARD BOOK NUMBER
International Standard Book Number 1788687531
020 ## - INTERNATIONAL STANDARD BOOK NUMBER
International Standard Book Number 9781788687539
035 ## - SYSTEM CONTROL NUMBER
System control number (OCoLC)1080246136
040 ## - CATALOGING SOURCE
Original cataloging agency YDX
Language of cataloging eng
Transcribing agency YDX
Modifying agency DLC
-- JRZ
-- OCLCF
-- MZI
-- OCLCQ
-- DLC
Description conventions rda
042 ## - AUTHENTICATION CODE
Authentication code lccopycat
050 00 - LIBRARY OF CONGRESS CALL NUMBER
Classification number G151
Item number .T675 2019
082 04 - DEWEY DECIMAL CLASSIFICATION NUMBER
Classification number 910.202
Edition information 23
245 00 - TITLE STATEMENT
Title Travel goals :
Remainder of title inspiring experiences to transform your life.
246 3# - VARYING FORM OF TITLE
Title proper/short title Lonely Planet travel goals
264 #1 - PRODUCTION, PUBLICATION, DISTRIBUTION, MANUFACTURE, AND COPYRIGHT NOTICE
Place of production, publication, distribution, manufacture Oakland, CA :
Name of producer, publisher, distributor, manufacturer Lonely Planet Global Limited,
Date of production, publication, distribution, manufacture, or copyright notice 2019.
300 ## - PHYSICAL DESCRIPTION
Extent 300 pages :
Other physical details color illustrations, maps ;
Dimensions 25 cm
336 ## - CONTENT TYPE
Content type term text
Content type code txt
Source rdacontent
337 ## - MEDIA TYPE
Media type term unmediated
Media type code n
Source rdamedia
338 ## - CARRIER TYPE
Carrier type term volume
Carrier type code nc
Source rdacarrier
500 ## - GENERAL NOTE
General note Includes index.
520 ## - SUMMARY, ETC.
Summary, etc. A modern bucket list for responsible, healthy, feel-good travel. Feel inspired and empowered by this guide to transformative travel experiences. If you want to discover yourself as much as the next big sight, these "Travel goals" will change your life. From sleeping under the stars and witnessing natural phenomena to more ambitious challenges, such as helping communities and self-guarding the environment, this is the essential companion to a life well-travelled and well-lived
650 #0 - SUBJECT ADDED ENTRY--TOPICAL TERM
Topical term or geographic name entry element Travel.
650 #0 - SUBJECT ADDED ENTRY--TOPICAL TERM
Topical term or geographic name entry element Voyages and travels.
650 #0 - SUBJECT ADDED ENTRY--TOPICAL TERM
Topical term or geographic name entry element International travel.
650 #0 - SUBJECT ADDED ENTRY--TOPICAL TERM
Topical term or geographic name entry element Inspiration in travel.
650 #7 - SUBJECT ADDED ENTRY--TOPICAL TERM
Topical term or geographic name entry element International travel.
Source of heading or term fast
Authority record control number or standard number (OCoLC)fst01741797
650 #7 - SUBJECT ADDED ENTRY--TOPICAL TERM
Topical term or geographic name entry element Travel.
Source of heading or term fast
Authority record control number or standard number (OCoLC)fst01155558
650 #7 - SUBJECT ADDED ENTRY--TOPICAL TERM
Topical term or geographic name entry element Voyages and travels.
Source of heading or term fast
Authority record control number or standard number (OCoLC)fst01169308
710 2# - ADDED ENTRY--CORPORATE NAME
Corporate name or jurisdiction name as entry element Lonely Planet Global Limited.
906 ## - LOCAL DATA ELEMENT F, LDF (RLIN)
a 7
b cbc
c copycat
d 2
e ncip
f 20
g y-gencatlg
925 0# -
-- acquire
-- 1 shelf copy
-- policy default
Holdings
Withdrawn status Lost status Damaged status Not for loan Home library Current library Shelving location Date acquired Total checkouts Full call number Barcode Date last seen Price effective from Koha item type
        Centerville Centerville General stacks 22/03/2026   910.202 LOC-CPL-00013 22/03/2026 22/03/2026 Books